| 000 | 00806nam a2200217 i 4500 | ||
|---|---|---|---|
| 001 | 90031 | ||
| 003 | ES-MaACL | ||
| 005 | 20230906180329.0 | ||
| 007 | t| | ||
| 008 | 050117s1961 sp ||||1| spa d | ||
| 100 | 1 |
_aLeemans, Louis. _971206 |
|
| 245 | 1 | 0 |
_aAdministración, organización y contabilidad industriales / _cLouis Leemans y Armand Labar ; versión española de Wenceslao Millán Fernández. |
| 260 |
_aMadrid : _bAguilar, _c1961. |
||
| 300 |
_aXX, 376 p. ; _c22 cm. |
||
| 490 | 1 | _aBiblioteca de economía, organización y problemas de la empresa | |
| 700 | 1 |
_aMillán Fernández, Wenceslao. _981146 |
|
| 700 | 1 |
_aLabar, Armand. _969207 |
|
| 830 | 0 |
_aBiblioteca de economía, organización y problemas de la empresa _9181610 |
|
| 852 |
_aES-MaACL _jC-20809 _bR.49225 |
||
| 999 |
_c90031 _d90031 |
||